000 00730cam a22002533a 4500
001 22424
003 PGUSA
005 20140828083457.0
008 070829s2007||||xxu|||||s|||||000 1 eng d
040 _aPGUSA
_beng
042 _adc
050 4 _aPZ
100 1 _aStandish, Burt L.,
_d1866-1945
245 1 0 _aFrank Merriwell Down South
_h[electronic resource] /
_cBurt L. Standish
260 _bProject Gutenberg,
_c2007
506 _aPublic domain in the USA.
516 _aElectronic text
653 _aMexico -- Juvenile fiction
653 _aSouthern States -- Juvenile fiction
653 _aAdventure stories
830 0 _aProject Gutenberg
_v22424
856 4 0 _uhttp://www.gutenberg.org/ebooks/22424
942 _cEB
999 _c251679
_d251679